000
00509nam a2200181Ia 4500
008
090124s9999 xx 000 0 und d
082
_b
111717
100
_a
देशपांडे रमाकांत
245
_a
भोंवरा
250
_a
1
260
_c
1967
300
_a
80
600
_a
देशपांडे रमाकांत
630
_a
भोंवरा
700
_a
देशपांडे रमाकांत
730
_a
भोंवरा
942
_c
BOOK
999
_c
157808
_d
157808